000 01475nam a22003737a 4500
003 CHAP
005 20220329140606.0
008 971013s1974 r 00010 d
010 _a54413
011 _a55385
035 _a59537
040 _cCHAP
082 _a575.1
_bM3
100 0 0 _aMárquez Sánchez, Fidel.
_976354
245 _aGenética cuantitativa
260 _aChapingo, Méx. :
_bENA. Departamento de Fitotecnia,
_c1974
300 _a100 h.
590 _aBATCH-UPD
_b10
_c20130110
_lUCH01
_h1817
590 _aBATCH-UPD
_b10
_c20130410
_lUCH01
_h1151
590 _aBATCH-UPD
_b10
_c20130914
_lUCH01
_h1535
590 _aCONVERSION
_b10
_c20130109
_lUCH01
_h1329
650 1 4 _aGenética.
_947469
901 _aBK
942 _cLIBRO
949 _a575.1 M3
_bBC
_cLIBRO
_d33724000427464
_eLIBRO
_fc.9
_h29806
_i59537
_si
949 _a575.1 M3
_bBC
_cLIBRO
_d33724000427480
_eLIBRO
_fc.3
_h29800
_i59537
_si
949 _a575.1 M3
_bBC
_cLIBRO
_d33724000600136
_eLIBRO
_fc.10
_h29807
_i59537
_si
949 _a575.1 M3
_bBC
_cLIBRO
_d33724000730560
_eLIBRO
_fc.6
_h29803
_i59537
_si
949 _a575.1 M3
_bBC
_cLIBRO
_d33724000804951
_eLIBRO
_fc.2
_h29799
_i59537
_si
949 _a575.1 M3
_bBC
_cLIBRO
_d33724000895462
_eLIBRO
_fc.5
_h29802
_i59537
_si
949 _a575.1 M3
_bBC
_cLIBRO
_d33724000895520
_eLIBRO
_fc.7
_h029804
_i59537
_si
949 _a575.1 M3
_bBC
_cLIBRO
_d33724000919940
_eLIBRO
_h29798
_i59537
_si
949 _a575.1 M3
_bBC
_cLIBRO
_d33724002124090
_eLIBRO
_fc.11
_gI.c/e
_h111108
_i59537
_sb
999 _c54413
_d54413